<?xml version="1.0" encoding="UTF-8"?>
<record
    xmlns:xsi="http://www.w3.org/2001/XMLSchema-instance"
    xsi:schemaLocation="http://www.loc.gov/MARC21/slim http://www.loc.gov/standards/marcxml/schema/MARC21slim.xsd"
    xmlns="http://www.loc.gov/MARC21/slim">

  <leader>01485nam a22002417a 4500</leader>
  <controlfield tag="003">NALT</controlfield>
  <controlfield tag="005">20240328152859.0</controlfield>
  <controlfield tag="008">      s2552    th                  tha d</controlfield>
  <datafield tag="020" ind1=" " ind2=" ">
    <subfield code="a">9789746723695</subfield>
  </datafield>
  <datafield tag="040" ind1=" " ind2=" ">
    <subfield code="a">NALT</subfield>
  </datafield>
  <datafield tag="041" ind1=" " ind2=" ">
    <subfield code="a">tha</subfield>
  </datafield>
  <datafield tag="050" ind1=" " ind2=" ">
    <subfield code="a">QH 541.5.S7 </subfield>
    <subfield code="b">&#xE22;152&#xE21; 2552</subfield>
  </datafield>
  <datafield tag="100" ind1="0" ind2=" ">
    <subfield code="a">&#xE22;&#xE28; &#xE2A;&#xE31;&#xE19;&#xE15;&#xE2A;&#xE21;&#xE1A;&#xE31;&#xE15;&#xE34;.</subfield>
    <subfield code="9">4060</subfield>
  </datafield>
  <datafield tag="245" ind1="1" ind2="0">
    <subfield code="a">&#xE41;&#xE21;&#xE48;&#xE19;&#xE49;&#xE33;&#xE41;&#xE2B;&#xE48;&#xE07;&#xE0A;&#xE35;&#xE27;&#xE34;&#xE15; : </subfield>
    <subfield code="b">&#xE01;&#xE32;&#xE23;&#xE40;&#xE1B;&#xE25;&#xE35;&#xE48;&#xE22;&#xE19;&#xE41;&#xE1B;&#xE25;&#xE07;&#xE23;&#xE30;&#xE1A;&#xE1A;&#xE19;&#xE34;&#xE40;&#xE27;&#xE28;&#xE41;&#xE25;&#xE30;&#xE1C;&#xE25;&#xE01;&#xE23;&#xE30;&#xE17;&#xE1A;&#xE15;&#xE48;&#xE2D;&#xE04;&#xE27;&#xE32;&#xE21;&#xE2B;&#xE25;&#xE32;&#xE01;&#xE2B;&#xE25;&#xE32;&#xE22;&#xE17;&#xE32;&#xE07;&#xE0A;&#xE35;&#xE27;&#xE20;&#xE32;&#xE1E;&#xE41;&#xE25;&#xE30;&#xE20;&#xE39;&#xE21;&#xE34;&#xE1B;&#xE31;&#xE0D;&#xE0D;&#xE32;&#xE17;&#xE49;&#xE2D;&#xE07;&#xE16;&#xE34;&#xE48;&#xE19;&#xE43;&#xE19;&#xE41;&#xE16;&#xE1A;&#xE2D;&#xE19;&#xE38;&#xE20;&#xE39;&#xE21;&#xE34;&#xE20;&#xE32;&#xE04;&#xE25;&#xE38;&#xE48;&#xE21;&#xE19;&#xE49;&#xE33;&#xE42;&#xE02;&#xE07; /</subfield>
    <subfield code="c"> &#xE22;&#xE28; &#xE2A;&#xE31;&#xE19;&#xE15;&#xE2A;&#xE21;&#xE1A;&#xE31;&#xE15;&#xE34; ... [&#xE41;&#xE25;&#xE30;&#xE04;&#xE19;&#xE2D;&#xE37;&#xE48;&#xE19; &#xE46;]</subfield>
  </datafield>
  <datafield tag="260" ind1=" " ind2=" ">
    <subfield code="a">&#xE40;&#xE0A;&#xE35;&#xE22;&#xE07;&#xE43;&#xE2B;&#xE21;&#xE48; : </subfield>
    <subfield code="b">&#xE04;&#xE13;&#xE30;&#xE2A;&#xE31;&#xE07;&#xE04;&#xE21;&#xE28;&#xE32;&#xE2A;&#xE15;&#xE23;&#xE4C; &#xE21;&#xE2B;&#xE32;&#xE27;&#xE34;&#xE17;&#xE22;&#xE32;&#xE25;&#xE31;&#xE22;&#xE40;&#xE0A;&#xE35;&#xE22;&#xE07;&#xE43;&#xE2B;&#xE21;&#xE48;, </subfield>
    <subfield code="c">2552</subfield>
  </datafield>
  <datafield tag="300" ind1=" " ind2=" ">
    <subfield code="a">388 &#xE2B;&#xE19;&#xE49;&#xE32; :</subfield>
    <subfield code="b">&#xE20;&#xE32;&#xE1E;&#xE1B;&#xE23;&#xE30;&#xE01;&#xE2D;&#xE1A;, &#xE15;&#xE32;&#xE23;&#xE32;&#xE07;, &#xE41;&#xE1C;&#xE19;&#xE17;&#xE35;&#xE48; ;</subfield>
    <subfield code="c">25 &#xE0B;&#xE21;.</subfield>
  </datafield>
  <datafield tag="650" ind1=" " ind2="0">
    <subfield code="a">&#xE1B;&#xE25;&#xE32; </subfield>
    <subfield code="9">51186</subfield>
    <subfield code="z">&#xE44;&#xE17;&#xE22;</subfield>
    <subfield code="x">&#xE41;&#xE21;&#xE48;&#xE19;&#xE49;&#xE33;&#xE42;&#xE02;&#xE07;</subfield>
  </datafield>
  <datafield tag="650" ind1=" " ind2="4">
    <subfield code="a">&#xE04;&#xE27;&#xE32;&#xE21;&#xE2B;&#xE25;&#xE32;&#xE01;&#xE2B;&#xE25;&#xE32;&#xE22;&#xE17;&#xE32;&#xE07;&#xE0A;&#xE35;&#xE27;&#xE20;&#xE32;&#xE1E;</subfield>
    <subfield code="9">10221</subfield>
    <subfield code="z">&#xE44;&#xE17;&#xE22;</subfield>
  </datafield>
  <datafield tag="650" ind1="0" ind2="4">
    <subfield code="a">&#xE19;&#xE34;&#xE40;&#xE27;&#xE28;&#xE27;&#xE34;&#xE17;&#xE22;&#xE32; -- &#xE44;&#xE17;&#xE22; -- &#xE41;&#xE21;&#xE48;&#xE19;&#xE49;&#xE33;&#xE42;&#xE02;&#xE07;</subfield>
  </datafield>
  <datafield tag="850" ind1=" " ind2=" ">
    <subfield code="a">NALT</subfield>
  </datafield>
  <datafield tag="942" ind1=" " ind2=" ">
    <subfield code="c">GB</subfield>
    <subfield code="2">lcc</subfield>
  </datafield>
  <datafield tag="998" ind1=" " ind2=" ">
    <subfield code="b">&#xE20;&#xE31;&#xE25;&#xE25;&#xE34;&#xE01;&#xE32;  &#xE1A;&#xE38;&#xE29;&#xE21;&#xE07;&#xE04;&#xE25;</subfield>
    <subfield code="c">103</subfield>
    <subfield code="j">1020</subfield>
    <subfield code="k"> &#xE08;&#xE33;&#xE40;&#xE23;&#xE35;&#xE22;&#xE07;  &#xE23;&#xE30;&#xE27;&#xE31;&#xE07;&#xE2A;&#xE33;&#xE42;&#xE23;&#xE07;</subfield>
  </datafield>
  <datafield tag="999" ind1=" " ind2=" ">
    <subfield code="c">58175</subfield>
    <subfield code="d">58175</subfield>
  </datafield>
  <datafield tag="952" ind1=" " ind2=" ">
    <subfield code="0">0</subfield>
    <subfield code="1">0</subfield>
    <subfield code="4">0</subfield>
    <subfield code="7">0</subfield>
    <subfield code="8">CGBL</subfield>
    <subfield code="a">NALT</subfield>
    <subfield code="b">NALT</subfield>
    <subfield code="d">2022-09-09</subfield>
    <subfield code="e">&#xE08;&#xE31;&#xE14;&#xE0B;&#xE37;&#xE49;&#xE2D;&#xE17;&#xE23;&#xE31;&#xE1E;&#xE22;&#xE32;&#xE01;&#xE23;</subfield>
    <subfield code="l">1</subfield>
    <subfield code="m">1</subfield>
    <subfield code="o">QH 541.5.S7 &#xE22;152&#xE21; 2552</subfield>
    <subfield code="p">3961176991</subfield>
    <subfield code="r">2022-09-29 00:00:00</subfield>
    <subfield code="s">2022-09-09</subfield>
    <subfield code="w">2017-06-09</subfield>
    <subfield code="y">GB</subfield>
  </datafield>
</record>
